ბათუმის შოთა რუსთაველის სახელმწიფო უნივერსიტეტის ბიბლიოთეკა

გონიო–აფსაროსი IV / (ბიბ.ჩანაწერი № 36333)

000 -ლიდერი
ფიქსირებული სიგრძის საკონტროლო ველი 00956nam a2200241Ia 4500
001 - საკონტროლო ნომერი
საკონტროლო ველი 2241
003 - საკონტროლო ნომრის იდენტიფიკატორი
საკონტროლო ველი GE_BSU
005 - ბოლო ოპერაციის თარიღი და დრო
საკონტროლო ველი 20190521201353.0
008 - ფიქსირებული სიგრძის მონაცემთა ელემენტები - ზოგადი ინფორმაცია
ფიქსირებული სიგრძის საკონტროლო ველი 181216s2004||||ge |||||||||||||| ||geo||
040 ## - კატალოგიზაციის წყარო
Transcribing agency GE_BSU
041 ## - ენის კოდი
Language code of text/sound track or separate title geo
080 ## - უნივერსალური ათობითი კლასიფიკაციის ინდექსი
Universal Decimal Classification number 902|904(479.223) გ–67
245 ## - ცნობა სათაურის შესახებ
Title გონიო–აფსაროსი IV /
Statement of responsibility, etc სარედ. კოლ. ა. კახიძე, გ. ლორთქიფანიძე, გ. გრიგოლია.
264 ## - წარმოების, გამოცემის, დისტრიბუციის და სხვა ცნობები
გამოცემის, წარმოების, დისტრიბუციის... ადგილი ბათუმი :
გამოცემის, წარმოების, დისტრიბუციის... სახელწოდება აჭარა,
გამოცემის, წარმოების, დისტრიბუციის... თარიღი 2004.
300 ## - ფიზიკური აღწერა
Extent 158 გვ.;
Other physical details 28 სმ..
653 ## - INDEX TERM--UNCONTROLLED
Uncontrolled term ისტორია
653 ## - INDEX TERM--UNCONTROLLED
Uncontrolled term არქეოლოგია
700 ## - ADDED ENTRY--PERSONAL NAME
Personal name კახიძე, ა.
Relator term რედაქტორი
9 (RLIN) 1466
700 ## - ADDED ENTRY--PERSONAL NAME
Personal name ლორთქიფანიძე, გ.
Relator term რედაქტორი
9 (RLIN) 1484
700 ## - ADDED ENTRY--PERSONAL NAME
Personal name ნახუცრიშვილი, გ.
Relator term ფოტოგრაფი
9 (RLIN) 1485
942 ## - ADDED ENTRY ELEMENTS (KOHA)
Koha item type წიგნი
Source of classification or shelving scheme
ეგზემპლარები
ჩამოწერის სტატუსი დაკარგული ეგზემპლარის სტატუსი კლასიფიკაციის წყარო ან თაროზე გაწყობის სქემა დაზიანების სტატუსი არ გაიცემა მუდმივი მდებარეობა (დაცვის ადგილი) ამჟამინდელი ადგილსამყოფელი თაროზე განთავსების ადგილი შეძენის თარიღი ღირებულება, შესყიდვის ნორმალური ფასი სრული შენახვის შიფრი შტრიხკოდი ბოლო ოპერაციის თარიღი ეგზემპლარის მიმდევრობითი ნომერი (კეტერი?) ფასის ძალაში შესვლის თარიღი ეგზემპლარის სახეობა საჯარო შენიშვნა
          ბათუმის შოთა რუსთაველის სახელმწიფო უნივერსიტეტის მთავარი ბიბლიოთეკა ბათუმის შოთა რუსთაველის სახელმწიფო უნივერსიტეტის მთავარი ბიბლიოთეკა წიგნსაცავი 2018-12-17 10.00 902/904(479.223) გ–67 4291 2018-12-17 4291 2018-12-17 წიგნი 10 ლ.